000 00645nam a2200253Ia 4500
001 6338
005 20240113233913.0
007 ta
008 050627s1946 a g b000 u hin u
040 _aCotton College Assam
041 _ahin
082 _a891.433
_bSa 58 J
100 _aSankrityan, Rahul .
245 0 _aJai Youdheya /
_cRahul Sankrityan.
_hTextual Documents
250 _a1st ed. /
260 _aAllahabad :
_bKitab mahal ,
_c1946.
300 _a333p. :
_bill. ;
_c16cm .
653 _aHindi novel
653 _aHindi fiction
653 _aGen-Hindi
942 _2ddc
_cBK
999 _c6325
_d6325